000 00816nam a2200205Ia 4500
003 GCL
008 140319s9999 xx 000 0 ara d
040 _aGCL /
_cGCL
082 0 4 _a301.4512
_bى ق
100 1 _aيوسف عزيز بنى طرف
245 1 0 _aالقبائل والعشائر العربية فى خوزستان مع دراسة حول الاعراف . الشعر الفن والتاريخ /
_cيوسف عزيز بنى طرف
700 1 _aجابر احمد
300 _a222 ص
490 _aالهيئة العامة للاستعلامات
_v0
650 0 4 _aالاحوال الاجتماعية
650 0 4 _aالعادات والتقاليد
650 0 4 _aخوزستان - ايران - الاحوال الثقافية
650 0 4 _aالقبائل العربية - ايران
942 _2ddc
_cBK
999 _c48530
_d48530